Statistics for DC Villains

Click here to take the quiz!

General Stats

  • This quiz has been taken 34 times
  • The average score is 8 of 20

Answer Stats

HintAnswer% Correct
Roman SionisBlack Mask
100%
Julian DayCalendar Man
100%
Jade NguyenCheshire
100%
Basil KarloClayface
100%
Arthur LightDoctor Light
100%
Garfield LynnsFirefly
100%
Harleen QuinzelHarley Quinn
100%
Thomas ElliotHush
100%
Louise LincolnKiller Frost
100%
Drury WalkerKiller Moth
100%
NanaueKing Shark
100%
Jervis TetchMad Hatter
100%
Kirk LangstromMan-Bat
100%
John CorbenMetallo
100%
Orm MariusOcean Master
100%
Lashawn BaezPeek-A-Boo
100%
Eobard ThawneReverse-Flash/Zoom/Professor Zoom
100%
Jonathan CraneScarecrow
100%
Cyrus GoldSolomon Grundy
100%
Isaac BowinThe Fiddler
100%
Oswald CobblepotThe Penguin
100%
Edward NigmaThe Riddler
100%
Harvey DentTwo-Face
100%
Vandar AdgVandal Savage
100%
Leonard SnartCaptain Cold
67%
Selina KyleCatwoman
67%
James CraddockGentleman Ghost
50%
Michael AmarMurmur
50%
August HeartGodspeed
33%
Mick RoryHeat Wave
33%
Mark MardonWeather Wizard
33%
Albert MichaelsAtomic Skull
0%
Teth-AdamBlack Adam
0%
William HandBlack Hand
0%
David HydeBlack Manta
0%
Eric NeedhamBlack Spider
0%
Ramsey RossoBloodwork
0%
Vril DoxBrainiac
0%
Thomas BlakeCatman
0%
Barbara Ann MinervaCheetah
0%
David ClintonChronos
0%
Arthur BrownCluemaster
0%
Carrie CutterCupid
0%
Hank HenshawCyborg Superman
0%
UxasDarkseid
0%
Floyd LawtonDeadshot
0%
Slade WilsonDeathstroke
0%
Jeremy TellDouble Down
0%
Yrra CynrilFatality
0%
Doris ZuelGiganta
0%
Lisa SnartGolden Glider
0%
Thaddeus ThawneInertia
0%
Duela DentJoker's Daughter
0%
Waylon JonesKiller Croc
0%
Charles BrownKite Man
0%
Leslie WillisLivewire
0%
Frances KaneMagenta
0%
Margaret PyeMagpie
0%
Victor FriesMr. Freeze
0%
Danton BlackMultiplex
0%
Nathaniel TryonNeutron
0%
Rudy JonesParasite
0%
Hartley RathawayPied Piper
0%
Bette Sans SouciPlastique
0%
Pamela IsleyPoison Ivy
0%
Abner KrillPolka Dot Man
0%
Alexis KayePunchline
0%
Daniel WestReverse-Flash
0%
Richard SwiftShade
0%
Siobhan McDougalSilver Banshee
0%
Vanessa KapatelisSilver Swan
0%
Lawrence CrockSportsmaster
0%
Catalina FloresTarantula
0%
Winslow SchottToyman
0%
Roscoe HynesTurbine
0%

Score Distribution

Percentile by Number Answered

Percent of People with Each Score

Your Score History

You have not taken this quiz